000 00954nam a2200253Ia 4500
001 16312
003 GE_BSU
008 181216s||||||||xx |||||||||||||| ||und||
020 _aISBN 99928-32-18-5
040 _cGE_BSU
080 _a347.513
100 _aჩიკვაშვილი, შალვა
245 _aპასუხისმგებლობა მორალური ზიანისათვის
245 _cრედ.: ლ. ნადიბაიძე
260 _aთბილისი
260 _bმერიდიანი
260 _c2003
300 _a255გვ;20სმ
300 _bრეზ. რუს. და ინგლ. ენ.. - ბიბლიოგრ. ტექსტ. შენიშვნ.
541 _h10ლ.
653 _aპასუხისმგებლობა მორალური ზიანისათვის
653 _aსამართალი
942 _cBK
999 _c49392
_d49392